Les 50 ... Joueurs de Tennis - Statistiques

Statistiques générales
  • Ce quiz a été pris 273 fois
  • Le résultat moyen est 33 sur 50
Statistiques - réponses
Par images Réponse % Correct
Rafael Nadal
99%
Roger Federer
99%
Novak Djokovic
98%
Andy Murray
97%
Carlos Alcaraz
95%
Gaël Monfils
95%
Jo-Wilfried Tsonga
95%
Benoît Paire
92%
Yannick Noah
92%
Daniil Medvedev
90%
Richard Gasquet
90%
Stefanos Tsitsipas
90%
Alexander Zverev
89%
Jannik Sinner
89%
Stan Wawrinka
89%
André Agassi
82%
Casper Ruud
82%
Corentin Moutet
82%
Dominic Thiem
82%
Kei Nishikori
79%
Nick Kyrgios
79%
Félix Auger-Aliassime
76%
Juan Martín del Potro
75%
Adrian Mannarino
72%
Ugo Humbert
72%
Gilles Simon
71%
Pete Sampras
71%
Grigor Dimitrov
70%
Nicolas Mahut
69%
David Ferrer
67%
Fabio Fognini
67%
John McEnroe
65%
Alex De Minaur
58%
Pierre-Hugues Herbert
56%
Gustavo Kuerten
50%
Andy Roddick
49%
Ivan Lendl
48%
Milos Raonic
48%
Marat Safin
47%
Julien Benneteau
44%
Lleyton Hewitt
44%
Jimmy Connors
38%
David Nalbandian
35%
Jim Courier
34%
Cédric Pioline
32%
Mats Wilander
30%
Fernando Verdasco
25%
Marcos Baghdatis
17%
Patrick Rafter
15%
Chung Hyeon
13%
Aucun quiz correspondant
Distribution des résultats
% des personnes avec chaque résultat
Percentile par nombre de réponses
Votre historique - résultats
Vous n’avez pas pris ce quiz